An introduction to the study of education / (Record no. 3439)

MARC details
000 -LEADER
fixed length control field 01172pam a22003134a 4500
001 - CONTROL NUMBER
control field 12083140
003 - CONTROL NUMBER IDENTIFIER
control field OSt
005 - DATE AND TIME OF LATEST TRANSACTION
control field 20160408182655.0
008 - FIXED-LENGTH DATA ELEMENTS--GENERAL INFORMATION
fixed length control field 000627s1999 enka b 001 0 eng d
010 ## - LIBRARY OF CONGRESS CONTROL NUMBER
LC control number 00364566
Canceled/invalid LC control number 00456336
020 ## - INTERNATIONAL STANDARD BOOK NUMBER
International Standard Book Number 1853466123
040 ## - CATALOGING SOURCE
Original cataloging agency UKM
Transcribing agency UKM
Modifying agency C#P
-- DLC
042 ## - AUTHENTICATION CODE
Authentication code pcc
043 ## - GEOGRAPHIC AREA CODE
Geographic area code e-uk---
050 00 - LIBRARY OF CONGRESS CALL NUMBER
Classification number LA632
Item number .I58 1999
082 00 - DEWEY DECIMAL CLASSIFICATION NUMBER
Classification number 370
Edition number 21
Item number INT 1999
245 03 - TITLE STATEMENT
Title An introduction to the study of education /
Statement of responsibility, etc. edited by David Matheson and Ian Grosvenor.
260 ## - PUBLICATION, DISTRIBUTION, ETC. (IMPRINT)
Place of publication, distribution, etc. London :
Name of publisher, distributor, etc. D. Fulton Publishers,
Date of publication, distribution, etc. 1999.
300 ## - PHYSICAL DESCRIPTION
Extent vii, 184 p. :
Other physical details ill. ;
Dimensions 25 cm.
504 ## - BIBLIOGRAPHY, ETC. NOTE
Bibliography, etc Includes bibliographical references and index.
650 #0 - SUBJECT ADDED ENTRY--TOPICAL TERM
Topical term or geographic name as entry element Education
Geographic subdivision Great Britain.
9 (RLIN) 1463
650 #0 - SUBJECT ADDED ENTRY--TOPICAL TERM
Topical term or geographic name as entry element Education
General subdivision Study and teaching (Higher)
Geographic subdivision Great Britain.
9 (RLIN) 1464
650 #0 - SUBJECT ADDED ENTRY--TOPICAL TERM
Topical term or geographic name as entry element Education
General subdivision Social aspects
Geographic subdivision Great Britain.
9 (RLIN) 1465
700 1# - ADDED ENTRY--PERSONAL NAME
Personal name Grosvenor, Ian.
9 (RLIN) 1466
700 1# - ADDED ENTRY--PERSONAL NAME
Personal name Matheson, David,
Dates associated with a name 1957-
9 (RLIN) 1467
906 ## - LOCAL DATA ELEMENT F, LDF (RLIN)
a 7
b cbc
c origres
d 2
e ncip
f 19
g y-gencatlg
942 ## - ADDED ENTRY ELEMENTS (KOHA)
Source of classification or shelving scheme Dewey Decimal Classification
Koha item type Short Loan
Holdings
Withdrawn status Lost status Source of classification or shelving scheme Damaged status Not for loan Home library Current library Date acquired Inventory number Total Checkouts Full call number Barcode Date last seen Price effective from Koha item type
    Dewey Decimal Classification     MUST Main Library MUST Main Library 08/04/2016 2001/15848   370 INT 1999 2016-0673 08/04/2016 08/04/2016 Short Loan